[Event "EU-Cup 28th"]
[Site "Eilat"]
[Date "2012.10.12"]
[Round "2.4"]
[White "Dreev, Alexey"]
[Black "Avrukh, Boris"]
[Result "1/2-1/2"]
[WhiteElo "2677"]
[BlackElo "2585"]
[Annotator "Avrukh,B"]
[PlyCount "86"]
[EventDate "2012.10.11"]
[EventType "team-swiss"]
[EventRounds "7"]
[EventCountry "ISR"]
[SourceTitle "CBM 151"]
[Source "ChessBase"]
[SourceDate "2012.11.13"]
[SourceVersion "1"]
[SourceVersionDate "2012.11.13"]
[SourceQuality "1"]
[WhiteTeam "Ugra"]
[BlackTeam "Ashdod"]
[WhiteTeamCountry "RUS"]
[BlackTeamCountry "ISR"]

1. d4 Nf6 2. c4 g6 3. Nc3 d5 4. Bg5 {This has been recently a pet line of
Aleksey against the Grünfeld. I have to mention, that I have been used this
system a lot in recent years.} Ne4 5. Bh4 Nxc3 6. bxc3 dxc4 {It goes without
saying, that the capture on c4 has been Black's most popular continuation in
recent years.} 7. e3 Be6 8. Rb1 {White has a big choice here, but I always
considered the text as the critical continuation. White's idea is to provoke
the b6-move, thus slightly weakening the h1-a8 diagonal.'} Nd7 $5 {One of the
key ideas for Black in this line. It transpires, that White can hardly take on
b7, as this would allows Black to get the initiative, by blocking the rook on
b7 followed by c7-c5.} ({Previously Black has been playing mostly} 8... b6) 9.
Nf3 {I had already had experience in this position.} ({Then my opponent went
for the remarkable idea} 9. Qa4 {This is Tiger's pet move. During my
preparation for the game I noticed my opponent's game against Mikhalevski, but
to tell the truth I couldn't believe he would go for this for the second time
and hadn't prepared seriously for the game variation.} Bd5 $1 {The critical
reply.} (9... Bg7 {would be a serious concession:} 10. Bxc4 Bxc4 11. Qxc4 {
in this case White regains the pawn, keeping a positional edge, for example}
Nb6 12. Qb3 O-O 13. Nf3 $14) {Now Black is threatening to play 10...a6
followed by 11...b5, keeping a healthy extra pawn, so White is more or less
forced to go for the following crazy line:} 10. Bxc4 Bxg2 11. Qb3 {[%csl Gf7]}
Bh6 $1 {[%csl Gf4] It is essential to take the f4-square under control, as
after} (11... Bg7 $6 12. Bxf7+ Kf8 {White has the very powerful idea :} 13. Ne2
$1 Bxh1 14. Nf4 $40 {Kaganskiy,G (2293)-Bykhovsky,A (2390)/Petach Tikva 2008/
EXT 2009 (45)}) 12. Bxf7+ Kf8 13. Bd5 Nc5 $1 {The point of Black's previous
play.} ({White would have a great compensation for the exchange in the event of
} 13... Bxh1 $2 14. Bxh1 $44) 14. Bxg2 Nxb3 15. Rxb3 $44 {Hillarp Persson,T 
(2543)-Avrukh,B (2657)/Dresden 2008 you can find this game fully commented in
CBM 128.}) 9... Nb6 10. Qc2 Bh6 $5 $146 {This was my over board improvisation.
I analysed this kind of position a lot, with Black having an extra pawn and
White having playable compensation, and came to the conclusion, that Black's
dark-squared bishop is out of play on g7 for a long time, so I thought it
could be useful for the short-term to control the g5-square , especially in
the lines when Black meets White's e3-e4 with the thematic f7-f5 advance. It
was also a very good psychological move, since Alexey had definitely prepared
positions after 10...Bg7 and here he spent around ten minutes on his next move.
} ({I knew his recent game in this line, which saw:} 10... Bg7 11. Be2 O-O 12.
O-O Qd7 13. Bg3 Bf5 14. e4 Bg4 15. Rfd1 Bxf3 16. Bxf3 e5 17. dxe5 Qe7 {Dreev,A
(2694)-Riazantsev,A (2714)/Belfort FRA 2012, here for example White could have
improved with} 18. a4 $1 {with promising play.}) 11. Be2 O-O 12. O-O Qe8 $1 {
I thought here for a long time and eventually made my choice in favour of this
multi-purpose move. First of all now White has to reckon with Qa4 move, at the
same time Black stops for some time one of White's typical ideas of pushing
a2-a4, that usually forces Black to react a7-a5, weakening his queenside paw
nstructure. Another point is to remove the queen from the h4-d8 diagonal,
which can help Black to carry out e7-e5 in the future.} 13. Bg5 {I was
pleasantly suprised with this move, which means that he didn't like my bishop
on h6!. White has some choice and it's very hard to make a decision. He could
have played:} (13. e4 {I wanted to react with} f5 {and it looks fine for Black.
}) ({Another thematic idea would be} 13. Nd2 {[%cal Ge2f3] , but now thanks to
my bishop on h6 I would have} Bd5 14. Bg3 {the main point is, that after} (14.
e4 {Black has} Bxd2 15. exd5 Bf4 {and White's compensation is rather
questionable.}) 14... Rc8 {with complex play, but Black seems to be very
comfortable.}) ({Finally the calm} 13. Rfe1 {is worthy of consideration
keeping all options open.}) 13... Bg7 {Obviously I had no intention of trading
my dark-squared bishop.} 14. Nd2 $6 {This is a quite logical move, but somehow
after this I think Black has a nice game with better chances.} ({I was ready
to meet} 14. e4 {with} f5 $1) ({Again I would recommend to start with} 14. Rfe1
{trying to carry out e3-e4 at a suitable moment.}) 14... h6 15. Bh4 {This is
better than} (15. Bf4 {here I prepared} c5 $1 {and White dark-squared bishop
is wrongly placed on f4, since after} 16. dxc5 {Black has} Nd5 {[%csl Gc3,Gf4]
with better chances.}) 15... Rc8 {Now Black is ready for c7-c5, White should
do something very quickly.} 16. Bf3 {This would be a good idea if not for ....}
Bf5 $1 {Forcing White to block in his light-squared bishop.} 17. e4 Bd7 $15 18.
Be2 ({After} 18. e5 {Black would have a pleasant choice between} c5 {and} (
18... Bf5 19. Be4 e6) 19. Bxb7 Rc7 20. Be4 Ba4 $1 21. Qc1 cxd4 22. cxd4 Qd7 {
in both cases Black is better.}) 18... e5 $1 19. d5 {This is much better, than}
(19. dxe5 $6 Ba4 $1 20. Qc1 Qxe5 $17) 19... Bb5 {In the begining the computer
prefers} (19... Ba4 {but here White should make a draw after} 20. Qb2 c6 21.
Nxc4 Nxc4 22. Bxc4 b5 23. Bb3 $1) 20. Bg4 $2 {This supposed to be the decisive
mistake, as Alexey recognised after the game he completely forgot about my
next intermediate move.} ({White should have played} 20. a4 $1 Bxa4 (20... Nxa4
$143 21. Nxc4 a6 22. f3 $44) 21. Qa2 Qd7 22. Nxc4 Nxc4 23. Qxc4 b5 24. Qb4 g5
25. Bg3 c6 26. c4 {and White would retain decent compensation, that should
allow him to survive.}) 20... Ba4 $1 {Black is not going to move his rook at
all.} 21. Qb2 f5 {Black is clearly seizing the initiative.} 22. exf5 gxf5 23.
Be2 e4 $17 {[%csl Gg7] The Grünfeld bishop enjoys the play with great effect.}
24. Qa3 $6 {This is another inaccuracy, but even after the relatively best} (
24. Nxc4 Nxd5 25. Rbc1 Nf4 {Black is much better.}) 24... Kh8 $6 {Generally
not a bad move, but I could have decided the game easily by means of} (24...
Bc2 $1 {I saw this move, but somehow I thought , that by sacrificing the
exchange with} 25. Rxb6 axb6 26. Nxc4 {White would get some counterplay, which
is absolutely wrong, as Black is winning after} Bd3 $1 $19) 25. Bxc4 e3 ({
A reasonable alternative would have been} 25... Bc2 $5 26. Bb5 Qh5 27. Rb2 Qxh4
28. Rxc2 a6 29. Be2 Nxd5 $17 {with a clear edge.}) 26. fxe3 Qxe3+ 27. Bf2 Qxc3
{The right choice; I also seriously considered} (27... Qxd2 28. Bxb6 cxb6 29.
Qxa4 Rg8 30. Rf2 Qxc3 31. Rc2 {but was afraid of drawish tendency due to
diffierent coloured bishops.}) 28. Bb3 ({Another line is} 28. Qxc3 Bxc3 29. Bb3
Bxb3 30. Nxb3 Nxd5 {and two extra pawns should be enough for a win.}) 28... Bb5
29. Rfd1 Be2 $1 30. Qxa7 (30. Rbc1 {doesn't change much:} Qb2 31. Qxa7 Bd4 {
and White has a decisive advantage.}) 30... Bxd1 {My opponent was already in
serious time trouble, but starting from this moment I too started to get short
of time, which seriously damaged my play for the rest of the game.} ({There
was absolutely no need to rush with capturing the rook on d1, instead} 30...
Bd4 31. Bxd4+ {The main point is that to compared to the game White cannot
take on b7 due to the following line:} (31. Qxb7 Bxf2+ 32. Kxf2 Rce8 {[%cal
Gc3e3]} 33. Kg1 Qd4+ 34. Kh1 Bxd1 35. Rxd1 Qxd2 $1 $19 {[%csl Ge1]}) 31...
Qxd4+ 32. Kh1 Rg8 {and White is unable to stop Black's attack.}) 31. Rxd1 Bd4
$1 {It is essential to exchange White's main defender.} 32. Qxb7 $2 ({White
should have played} 32. Bxd4+ $142 Qxd4+ 33. Kh1 {still after} Rce8 34. Nf3 Qg7
35. Qxb7 Re2 36. Rg1 Nc8 $17 {[%cal Gc8d6] Black retains a clear edge.}) 32...
Rce8 $1 {This should have led to a winning attack.} 33. Qc6 Bxf2+ 34. Kxf2 Qe3+
35. Kf1 Nc8 $4 $138 {Losing all the advantage.} ({An easy solution would have
been} 35... Rg8 {Being short of time I started to get worried about} 36. d6 {
, but the simple} Rg6 37. Qf3 Rxd6 $19 {would decide the game instantly.}) 36.
Nf3 Nd6 37. Qc1 $1 {[%csl Gh6] I completely forgot about this move, now White
is back into the game.} Rf7 $1 {A good move in time trouble.} 38. Qxe3 Rxe3 39.
Nd4 {White has managed to survive Black's attack and emerged with decent
compensation for being an exchange down.} f4 40. Rc1 (40. Re1 {deserved
attention as well.}) 40... Rd3 $1 41. Nf3 Re7 42. Nh4 $1 {A surprising
tactical idea, that probably allows White to hold the position.} Rg7 ({The
obvious} 42... Kg7 {runs into the nice} 43. Ng6 $1 Re4 (43... Kxg6 $140 $2 44.
Bc2 Ree3 45. Rd1) 44. Rxc7+ {After the game Alexey mentioned} (44. Nh4 $6 {
but it would be inaccurate in view of} Nb5 $1 45. Nf5+ Kf6 46. Nxh6 Rc3 $1 $17
{and Black is very active.}) 44... Kxg6 45. Rc6 Kg5 46. Rxd6 f3 47. gxf3 Rxf3+
48. Kg2 Rd3 49. Re6 $1 Rxe6 50. dxe6 {and Black cannot win this position.}) 43.
Re1 $6 {A serious inaccuracy, it was necessary to keep the rook on the c-file.}
(43. Rc6 $142 Kg8 44. Nf3 {and Black is struggling to coordinate his pieces.})
43... Re3 $6 {I was really disappointed with the way I missed so many chances
and it was clear that I lost my way in this game; but by offering a draw 
(which is hard to refuse) I actually secured the team victory.} ({Objectively
speaking Black should have continued} 43... Rd2 44. Re6 Kh7 $1 {with a serious
advantage, as White has problems defending the second rank.}) 1/2-1/2

[Event "YUG Cup"]
[Site "Ulcinj"]
[Date "1998.??.??"]
[Round "7"]
[White "Ristic, Nenad"]
[Black "Vukanovic, Sasa"]
[Result "1-0"]
[WhiteElo "2400"]
[BlackElo "2375"]
[Annotator "Bulletin"]
[PlyCount "43"]
[EventDate "1998.??.??"]
[EventType "team"]
[EventRounds "7"]
[EventCountry "YUG"]
[SourceTitle "EXT 1999"]
[Source "ChessBase"]
[SourceDate "1998.11.16"]
[SourceVersion "1"]
[SourceVersionDate "1998.11.16"]
[SourceQuality "1"]

1. d4 Nf6 2. Nf3 g6 3. c4 Bg7 4. Nc3 d5 5. Bg5 Ne4 6. Bh4 Nxc3 7. bxc3 dxc4 8.
e3 c5 9. Bxc4 O-O 10. O-O Nc6 11. Rc1 Na5 12. Be2 cxd4 13. cxd4 b6 14. Ne5 Qd6
15. Bf3 Ba6 $2 16. Bxa8 Bxf1 17. Nxf7 $1 Kxf7 18. Kxf1 Qxh2 19. Bd5+ e6 20.
Qf3+ Kg8 21. Bxe6+ Kh8 22. Qxf8+ $3 (22. Qxf8+ $3 Bxf8 23. Bf6+ Bg7 24. Rc8#)
1-0

[Event "World U20-ch22"]
[Site "Belfort"]
[Date "1983.08.22"]
[Round "10"]
[White "Milos, Gilberto"]
[Black "Stohl, Igor"]
[Result "1/2-1/2"]
[WhiteElo "2380"]
[BlackElo "2335"]
[Annotator "Bulletin/Primel,D"]
[PlyCount "95"]
[EventDate "1983.08.12"]
[EventType "swiss"]
[EventRounds "13"]
[EventCountry "FRA"]
[SourceTitle "EXT 2016"]
[Source "ChessBase"]
[SourceDate "2015.10.08"]
[SourceVersion "1"]
[SourceVersionDate "2015.10.08"]
[SourceQuality "1"]

1. d4 Nf6 2. c4 g6 3. Nc3 d5 4. Bg5 Ne4 5. cxd5 {Une vieille ligne assez
compliquée mais peu jouée à haut niveau} (5. Bh4 $142 {La grande ligne} Nxc3
6. bxc3 dxc4 7. e3 (7. Qa4+)) 5... Nxg5 (5... Nxc3 $143 {L'alternative rend
plus difficile l'égalité pour les Noirs} 6. bxc3 Qxd5 7. Nf3 Bg7 8. e3 $14 {
[%csl Gc3,Gd4][%cal Gc3c4]}) 6. h4 Ne4 (6... e6 $143 7. hxg5 exd5 8. Qd2 {
[%csl Gh1,Rh7]}) 7. Nxe4 Qxd5 8. Nc3 Qd8 (8... Qa5 {Semble plus logique} 9. h5
Bg7 10. e3 c5 $132 {[%cal Gg7c3];Sergeev,V (2440)-Jasnikowski,Z (2450)
Polanica Zdroj op 1993 (6) 1/2}) 9. h5 (9. e3 Bg7 10. h5 c5 11. d5 Nd7 12. g3
a6 13. Bg2 Ne5 $11 {Purdy,J-Bagirov,V AUS-ch Adelaide 1960 (2) 0-1} (13... b5))
9... Bg7 10. hxg6 $146 {Semble un peu prématuré} (10. e3 $142 c5 {Forintos,
G-Navarovszky,L HUN-ch 21th Budapest 1965 1/2}) 10... hxg6 11. Rxh8+ Bxh8 12.
e3 c5 $1 13. dxc5 Qa5 14. Qa4+ (14. Bb5+ Bd7) 14... Qxa4 15. Nxa4 Bd7 16. Nc3
Bxc3+ $1 {Les Blancs peuvent trés difficilement s'accrocher au P} 17. bxc3 Nc6
18. Rb1 Nd8 (18... O-O-O $5 $32) 19. Bb5 Rc8 20. Ne2 Rxc5 $11 21. Bxd7+ Kxd7 {
[%csl Ga7,Gb7,Rc3] les Noirs ont une bonne finale} 22. e4 Kc7 23. Kd2 Ra5 24.
Rb2 Nc6 25. Rc2 Rh5 26. Nf4 Rh2 27. Ke3 g5 28. Nd5+ Kd6 29. g3 Ne5 (29... e6)
30. Nb4 e6 31. Nd3 $1 {Les Blancs auront probablement moins de problèmes en
cas d'échange des N} Nxd3 32. Kxd3 Kc5 {[%csl Gc5,Rd3]} 33. a4 {[%csl Ra4]
Empêche Kb5 mais le P"a4" est assez faible} b6 (33... Kb6 $6 34. Kc4 Ka5 35.
Ra2 a6 {[%cal Gb7b5]} 36. Kc5 $1 {[%csl Ra5,Gc5]}) 34. Rd2 Rh1 {[%cal Gh1a1]}
35. Kc2 Rg1 (35... Re1 $5 36. Rd7 Rxe4 37. Rxa7 (37. Rxf7 Rxa4) 37... Re2+ 38.
Kd3 Rxf2 $15 {[%csl Ge6]}) 36. Kb3 Kc6 37. Kc4 a5 $6 {[%csl Rb6] Un coup
affaiblissant qui prive aussi les Noirs de la manoeuvre Kb7a6a5} (37... Ra1 {
Plus souple} 38. Kb3 Re1 39. Rd4 Re2 40. Rc4+ Kd7 41. Rd4+ Ke7 42. Kb4 {
[%cal Gb4b5,Gb5a6]} Rxf2 43. Kb5 f5 44. exf5 exf5 45. Ka6 Rf3 $17) 38. Kd4 Kd6
39. Kc4+ Kc6 40. Re2 Ra1 41. Kb3 Kc5 42. Rd2 Rb1+ 43. Kc2 Rg1 44. Kb3 f6 45.
Kc2 f5 46. exf5 exf5 47. Kb3 g4 48. Rd4 1/2-1/2